| 000 | 00536nam a22001577a 4500 | ||
|---|---|---|---|
| 999 |
_c63857 _d63857 |
||
| 005 | 20260206171345.0 | ||
| 008 | 260206s2022 gw ||||| |||| 00| 0 goh d | ||
| 041 | _a9786204997797 | ||
| 080 | _a811.11'36 S-16 | ||
| 100 |
_aSaidov, Khayrulla _926819 |
||
| 245 |
_aEINFÜHRUNG IN DIE GERMANISCHE PHILOLOGIE / _c Khayrulla Saidov. |
||
| 264 |
_aChisinau : _bVerlag, _c2022. |
||
| 300 |
_a136 p. _b22 cm. |
||
| 653 | _aშესავალი გერმანიკულ ფილოლოგიაში | ||
| 942 |
_2udc _cᲬᲘᲒᲜᲘ |
||